01732nam a2200361uu 4500001000800000005001700008007001000025008004100035035001200076040001300088041000800101080001000109082000800119100004100127245007000168260005800238300001300296520067200309650002000981650003201001650004401033650001701077650002301094650002101117650002601138650002501164650003201189650004001221650003801261700005101299502001201350526000801362126602320260508071922.0co|||||||111128s2008 spa  a1266023 ccomduadb aspa aTR/CD 4a30610aMurillo Machado, Luz Mayra4auteaut10aRepresentación cultural del cuerpo femenino en los adolescentes aPuerto Berrio (Antioquia) :b[sin publicador],c2008. a1 CD-ROM3 aLa representación cultural del cuerpo femenino es una forma de nombrar el discurso social alrededor de la corporeidad de la mujer en la voz de los adolescentes. La imagen del cuerpo que los jóvenes establecen determina una serie de valores, prácticas, actitudes e imaginarios que hacen del cuerpo femenino el receptor e intérprete del contexto social y personal en el cual la adolescente se halla inmersa. El estudio devela la representación del cuerpo femenino en las adolescentes y la influencia de éste en la construcción de identidades y subjetividades en la población estudiantil femenina del Liceo Antonio Nariño, de Puerto Berrío, Antioquia aCuerpo femenino aRepresentaciones culturales aCuerpo femenino - Aspectos simbólicos aAdolescencia 7aSubjetividad2lemb aCultura corporal aCuerpo en los jovenes aApariencia - Belleza aPuerto Berrío (Antioquia) aImagen corporal - Aspectos sociales 7aRepresentaciones sociales2armarc10aGrajales Alzate, Róbinson Mauricio4thseths b105c12 a106